Normal view
MARC view
Entry Topical Term
001 - CONTROL NUMBER
- control field: 14775
003 - CONTROL NUMBER IDENTIFIER
- control field: OSt
005 - DATE AND TIME OF LATEST TRANSACTION
- control field: 20210908161759.0
008 - FIXED-LENGTH DATA ELEMENTS
- fixed length control field: 210908|| aca||aabn | a|a d
040 ## - CATALOGING SOURCE
- Original cataloging agency: OSt
- Transcribing agency: OSt
150 ## - HEADING--TOPICAL TERM
- Topical term or geographic name entry element: Cities
670 ## - SOURCE DATA FOUND
- Source citation: Work cat.: (OSt): Edited by:Andrew, Blowers: Chris,Hamnett: Philip,Sarre 14774, The Future of cities., 1974
